=LDR 00000nam 2200000 4500 =001 INLIS000000000001769 =005 20130612090147 =008 ***********************************Ind** =035 ##$$0010-061300000001769 =041 ##$$a Ind =082 ##$$a 613.1 =090 ##$$a 613.1, Ben d =100 ##$$a Bennett,F.J =245 ##$$a Diagnosa komunitas dan program kesehatan, F.J.Bennett; Penerjemah,Andi Hartono =260 ##$$a 1987 $b Jakarta =300 ##$$a vii, 226 hlm, 21 cm =650 ##$$a Kesehatan =650 ##$$a Faktor Lingkungan =700 ##$$a Hartono, Andi =850 ##$$a NBPNMAT =990 ##$$a 18341834